000 00521nam a2200169Ia 4500
008 090201s9999 xx 000 0 und d
010 _aKPL-46869
040 _bमराठी
041 _aमराठी
082 _a26637
_b46869
100 _aगंगाधर पानतावणे
245 _aचैत्य
_cगंगाधर पानतावणे
260 _c2004
_bप्रतिमा प्रकाशन
300 _a134
_bमोठा
600 _aचैत्य
942 _cBOOK
999 _c225683
_d225683